RICS global property sustainability survey (Record no. 119318)
[ view plain ]
| 000 -LEADER | |
|---|---|
| fixed length control field | 01291cas a22002535a 4500 |
| 001 - CONTROL NUMBER | |
| control field | L152498 |
| 008 - FIXED-LENGTH DATA ELEMENTS--GENERAL INFORMATION | |
| fixed length control field | 110318c2009 xxkfr ws ss 0 a0eng u |
| 035 ## - SYSTEM CONTROL NUMBER | |
| System control number | (Sirsi) u152498 |
| 041 0# - LANGUAGE CODE | |
| Language code of text/sound track or separate title | eng |
| 050 ## - LIBRARY OF CONGRESS CALL NUMBER | |
| Classification number | 333.7 $2 18 |
| 110 2# - MAIN ENTRY--CORPORATE NAME | |
| Corporate name or jurisdiction name as entry element | Royal Institution of Chartered Surveyors |
| Subordinate unit | Economics |
| 9 (RLIN) | 5033 |
| 245 00 - TITLE STATEMENT | |
| Title | RICS global property sustainability survey |
| Medium | [electronic resource] |
| 260 ## - PUBLICATION, DISTRIBUTION, ETC. | |
| Place of publication, distribution, etc. | London |
| Name of publisher, distributor, etc. | RICS |
| Date of publication, distribution, etc. | 2009- |
| 362 0# - DATES OF PUBLICATION AND/OR SEQUENTIAL DESIGNATION | |
| Dates of publication and/or sequential designation | Q2 2009- |
| 490 #0 - SERIES STATEMENT | |
| Series statement | RICS Global Property Sustainability Survey |
| Volume/sequential designation | Q2 2009- |
| 520 ## - SUMMARY, ETC. | |
| Summary, etc. | Surveys the implementation of sustainable real estate solutions across the globe. Examines sectoral indicators for office, industrial and retail occupiers; small and large occupiers; government, media and professional occupiers; and construction, manufacturing, banks and commodities. Concludes with global snapshot: key questions. |
| 554 ## - | |
| -- | Four per year |
| 650 24 - SUBJECT ADDED ENTRY--TOPICAL TERM | |
| Topical term or geographic name entry element | RICS GLOBAL PROPERTY SUSTAINABILITY SURVEY |
| 651 #4 - SUBJECT ADDED ENTRY--GEOGRAPHIC NAME | |
| Geographic name | International |
| 690 ## - LOCAL SUBJECT ADDED ENTRY--TOPICAL TERM (OCLC, RLIN) | |
| Topical term or geographic name as entry element | ENVIRONMENTAL AND LAND CONSULTANCY-SUSTAINABILITY |
| 856 40 - ELECTRONIC LOCATION AND ACCESS | |
| Uniform Resource Identifier | <a href="https://www.rics.org/sustainabilitysurvey">https://www.rics.org/sustainabilitysurvey</a> |
| Public note | View the current item free of charge at www.rics.org |
| 856 40 - ELECTRONIC LOCATION AND ACCESS | |
| Uniform Resource Identifier | <a href="https://www.rics.org/site/scripts/downloads.aspx?categoryID=707">https://www.rics.org/site/scripts/downloads.aspx?categoryID=707</a> |
| Public note | View archive copies free of charge at www.rics.org |
| 942 ## - ADDED ENTRY ELEMENTS (KOHA) | |
| Suppress in OPAC | 0 |
| Withdrawn status | Lost status | Source of classification or shelving scheme | Damaged status | Not for loan | Home library | Current library | Shelving location | Date acquired | Total Checkouts | Full call number | Barcode | Date last seen | Copy number | Price effective from | Koha item type |
|---|---|---|---|---|---|---|---|---|---|---|---|---|---|---|---|
| Dewey Decimal Classification | Virtual | Virtual | Books | 18/03/2011 | ONLINE PUBLICATION | 152498-2001 | 06/08/2019 | 1 | 06/08/2019 | Book |